[Event "CZE-chT2E 1920"]
[Site "Czech Republic"]
[Date "2020.01.26"]
[Round "7.7"]
[White "Tovarek, Antonin"]
[Black "Sanak, Frantisek"]
[Result "1-0"]
[WhiteElo "2006"]
[BlackElo "1805"]
[PlyCount "59"]
[EventDate "2019.10.13"]
[EventType "team-tourn"]
[EventRounds "11"]
[EventCountry "CZE"]
[SourceTitle "EXT 2024"]
[Source "ChessBase"]
[SourceDate "2023.10.10"]
[SourceVersion "1"]
[SourceVersionDate "2023.10.10"]
[SourceQuality "1"]
[WhiteTeam "Jundrov Jezdci"]
[BlackTeam "Borsice"]
[WhiteTeamCountry "CZE"]
[BlackTeamCountry "CZE"]

1. e4 e5 2. Nf3 d6 3. d4 exd4 4. Nxd4 Be7 5. Bc4 Nf6 6. Nc3 0-0 7. 0-0 a6 8. a4 Bd7 9. Qf3 Nc6 10. Nxc6 Bxc6 11. b4 b6 12. Bb2 Nd7 13. Nd5 Bxd5 14. Bxd5 Rb8 15. Rad1 Qc8 16. Rfe1 Ne5 17. Qg3 Kh8 18. f4 Ng6 19. Rf1 Bh4 20. Qf3 Ne7 21. Bb3 Ng6 22. Qh5 Bf6 23. Bxf6 gxf6 24. Rd3 Rg8 25. Rh3 Rg7 26. Bxf7 Qd7 27. Bxg6 Rbg8 28. Bf5 Rxg2+ 29. Kh1 Qe7 30. Qxh7+ 1-0

[Event "Stare Mesto op"]
[Site "Stare Mesto"]
[Date "2013.08.11"]
[Round "3"]
[White "Horsak, Jan"]
[Black "Sanak, Frantisek"]
[Result "1/2-1/2"]
[WhiteElo "2108"]
[BlackElo "1879"]
[PlyCount "26"]
[EventDate "2013.08.09"]
[EventType "swiss"]
[EventRounds "10"]
[EventCountry "CZE"]
[SourceTitle "CBM 155 Extra"]
[Source "ChessBase"]
[SourceDate "2013.08.26"]
[SourceVersion "1"]
[SourceVersionDate "2013.08.26"]
[SourceQuality "1"]

1. c4 f5 2. d4 e6 3. Nf3 Nf6 4. Nc3 Be7 5. h4 b6 6. Bf4 Bb7 7. h5 Ne4 8. a3 d6 9. e3 0-0 10. Be2 Nd7 11. Qc2 Bf6 12. Rd1 Nxc3 13. Qxc3 Qe7 1/2-1/2

[Event "Stare Mesto op"]
[Site "Stare Mesto"]
[Date "2012.08.10"]
[Round "1"]
[White "Kislinsky, Alexey"]
[Black "Sanak, Frantisek"]
[Result "1-0"]
[WhiteElo "2551"]
[BlackElo "1940"]
[PlyCount "109"]
[EventDate "2012.08.10"]
[EventType "swiss"]
[EventRounds "10"]
[EventCountry "CZE"]
[SourceTitle "CBM 149 Extra"]
[Source "ChessBase"]
[SourceDate "2012.08.24"]
[SourceVersion "1"]
[SourceVersionDate "2012.08.24"]
[SourceQuality "1"]

1. e4 c5 2. c3 e5 3. Nf3 Nc6 4. Bc4 d6 5. d3 Be7 6. Nbd2 Nf6 7. Nf1 a6 8. Ng3 Na5 9. 0-0 b5 10. Bb3 Nxb3 11. axb3 Bb7 12. Nf5 0-0 13. Bg5 Kh8 14. N3h4 Ng8 15. Nxe7 Nxe7 16. Bxe7 Qxe7 17. Qh5 g6 18. Qh6 Rg8 19. f4 Qf8 20. Qg5 f6 21. Qg3 Qe7 22. Qh3 exf4 23. Rxf4 Raf8 24. Rf2 Bc8 25. Qg3 Qe5 26. Qe3 Kg7 27. Nf3 Qe6 28. c4 Bb7 29. h3 h6 30. cxb5 axb5 31. b4 c4 32. Ra7 Rf7 33. Qb6 Qd7 34. dxc4 bxc4 35. e5 Rb8 36. exf6+ Kg8 37. Qe3 Kh7 38. Nd4 Ra8 39. Rxa8 Bxa8 40. b5 Bd5 41. Nc6 Bxc6 42. bxc6 Qxc6 43. Qe6 Kg8 44. Kh1 Qd7 45. Qxc4 d5 46. Qd4 Qd6 47. b4 Rc7 48. Qe3 Qf8 49. b5 Kf7 50. Re2 Kg8 51. b6 Rf7 52. Qe8 Rxf6 53. b7 Rb6 54. Re7 d4 55. b8R 1-0

[Event "Slovacky op"]
[Site "Stare Mesto"]
[Date "2011.06.10"]
[Round "6.9"]
[White "Sanak, Frantisek"]
[Black "Glacner, Karel"]
[Result "0-1"]
[WhiteElo "1932"]
[BlackElo "1710"]
[PlyCount "89"]
[EventDate "2011.04.29"]
[EventType "swiss"]
[EventRounds "8"]
[EventCountry "CZE"]
[SourceTitle "EXT 2012"]
[Source "ChessBase"]
[SourceDate "2011.11.24"]
[SourceVersion "1"]
[SourceVersionDate "2011.11.24"]
[SourceQuality "1"]

1. Nf3 c5 2. c4 Nf6 3. g3 g6 4. Bg2 d6 5. Nc3 Nc6 6. 0-0 Bg7 7. d3 Bd7 8. Bd2 Qc8 9. Qc1 h5 10. Bg5 Ng4 11. h4 Bd4 12. Nd1 f6 13. Be3 Nxe3 14. Nxe3 Bh3 15. Kh2 Bxg2 16. Nxg2 Qf5 17. Qd2 Kf7 18. Nxd4 Nxd4 19. f3 Nc6 20. f4 Qd7 21. e4 Nd4 22. Ne3 Rac8 23. Rae1 e6 24. Nc2 Nc6 25. b3 Ne7 26. Qc3 d5 27. Rd1 d4 28. Qd2 Kg7 29. Ne1 Ng8 30. Rb1 Nh6 31. Rf3 e5 32. b4 Ng4+ 33. Kg1 b6 34. Ng2 Rhf8 35. f5 Qe8 36. bxc5 Rxc5 37. Rff1 Qe7 38. fxg6 Kxg6 39. Rb2 Ra5 40. Rfb1 Ra3 41. Rc1 Qc5 42. Kh1 Qa5 43. Rbc2 Ra4 44. Rf1 Rb4 45. Qc1 0-1

[Event "Slovacky op"]
[Site "Stare Mesto"]
[Date "2011.05.13"]
[Round "3.10"]
[White "Krizek, Frantisek"]
[Black "Sanak, Frantisek"]
[Result "1/2-1/2"]
[WhiteElo "2018"]
[BlackElo "1932"]
[PlyCount "80"]
[EventDate "2011.04.29"]
[EventType "swiss"]
[EventRounds "8"]
[EventCountry "CZE"]
[SourceTitle "EXT 2012"]
[Source "ChessBase"]
[SourceDate "2011.11.24"]
[SourceVersion "1"]
[SourceVersionDate "2011.11.24"]
[SourceQuality "1"]

1. c4 b6 2. Nc3 e6 3. d4 Bb7 4. e4 Nf6 5. Bd3 d6 6. Nf3 Nbd7 7. 0-0 Be7 8. Bc2 0-0 9. Bf4 Nh5 10. Be3 g6 11. Qe2 Re8 12. Ba4 Rf8 13. Rad1 a5 14. Bh6 Ng7 15. Rfe1 Nb8 16. e5 Bc6 17. Bxc6 Nxc6 18. d5 exd5 19. Bxg7 Kxg7 20. Nxd5 Re8 21. Nc3 Qc8 22. exd6 Bxd6 23. Qxe8 Qxe8 24. Rxe8 Rxe8 25. Kf1 f6 26. Nd5 Kf7 27. Re1 Rxe1+ 28. Kxe1 Nb4 29. Nxb4 axb4 30. h3 Ke6 31. Ke2 Bc5 32. b3 Kf5 33. Nd2 h5 34. g3 g5 35. f3 Ke5 36. Kd3 f5 37. Nf1 Bf2 38. Ke2 Bc5 39. Kd3 Bf2 40. Ke2 Bc5 1/2-1/2

[Event "Stare Mesto op"]
[Site "Stare Mesto"]
[Date "2010.08.21"]
[Round "10"]
[White "Uricar, Jakub"]
[Black "Sanak, Frantisek"]
[Result "1/2-1/2"]
[WhiteElo "2240"]
[BlackElo "1941"]
[PlyCount "96"]
[EventDate "2010.08.13"]
[EventType "swiss"]
[EventRounds "10"]
[EventCountry "CZE"]
[SourceTitle "CBM 138 Extra"]
[Source "ChessBase"]
[SourceDate "2010.10.29"]
[SourceVersion "1"]
[SourceVersionDate "2010.10.29"]
[SourceQuality "1"]

1. e4 c5 2. Nc3 Nc6 3. g3 g6 4. Bg2 Bg7 5. d3 e6 6. Be3 d6 7. Nh3 Rb8 8. f4 Nge7 9. 0-0 f5 10. Rb1 0-0 11. Kh1 Nd4 12. Ne2 Nec6 13. c3 Nxe2 14. Qxe2 Re8 15. Rbe1 Bd7 16. g4 Ne7 17. gxf5 exf5 18. Qc2 h6 19. Rg1 Qc8 20. Nf2 b5 21. Qe2 Kh7 22. h4 fxe4 23. dxe4 d5 24. h5 Rb6 25. hxg6+ Nxg6 26. Qh5 d4 27. Bd2 Qd8 28. e5 Qh4+ 29. Qxh4 Nxh4 30. Be4+ Bf5 31. Bxf5+ Nxf5 32. Ne4 dxc3 33. bxc3 Ra6 34. Be3 Rxa2 35. Bxc5 Rc8 36. Rg2 Ra4 37. e6 Rxe4 38. Rxe4 Rxc5 39. e7 Nd6 40. e8Q Nxe8 41. Rxe8 Rc7 42. Rb8 a6 43. Ra8 Bxc3 44. Rxa6 b4 45. Rb6 Rf7 46. Rg4 Bd2 47. Kg2 Bxf4 48. Rxb4 Bg5 1/2-1/2

[Event "Stare Mesto op"]
[Site "Stare Mesto"]
[Date "2008.08.11"]
[Round "5"]
[White "Sanak, Frantisek"]
[Black "Kovacik, Emil"]
[Result "0-1"]
[WhiteElo "1991"]
[BlackElo "2149"]
[PlyCount "50"]
[EventDate "2008.08.08"]
[EventType "swiss"]
[EventRounds "10"]
[EventCountry "CZE"]
[SourceTitle "CBM 125 Extra"]
[Source "ChessBase"]
[SourceDate "2008.09.01"]
[SourceVersion "1"]
[SourceVersionDate "2008.09.01"]
[SourceQuality "1"]

1. Nf3 d5 2. c4 dxc4 3. Qa4+ Nc6 4. Qxc4 e5 5. d3 Be6 6. Qc2 Be7 7. Bd2 f5 8. g3 Bd5 9. Bc3 Nf6 10. Nbd2 e4 11. dxe4 fxe4 12. Ne5 Nxe5 13. Bxe5 e3 14. Nf3 exf2+ 15. Kxf2 Ng4+ 16. Ke1 Nxe5 17. Rd1 Bb4+ 18. Kf2 Ng4+ 19. Kg1 c6 20. Rd4 Qe7 21. Rxg4 Bc5+ 22. Kg2 Qe3 23. Rxg7 0-0-0 24. Qf5+ Be6 25. Qxe6+ Qxe6 0-1

[Event "Stare Mesto op"]
[Site "Stare Mesto"]
[Date "2008.08.10"]
[Round "3"]
[White "Sanak, Frantisek"]
[Black "Lundeby, Oyvind Andersen"]
[Result "1/2-1/2"]
[WhiteElo "1991"]
[BlackElo "2233"]
[PlyCount "94"]
[EventDate "2008.08.08"]
[EventType "swiss"]
[EventRounds "10"]
[EventCountry "CZE"]
[SourceTitle "CBM 125 Extra"]
[Source "ChessBase"]
[SourceDate "2008.09.01"]
[SourceVersion "1"]
[SourceVersionDate "2008.09.01"]
[SourceQuality "1"]

1. Nf3 Nc6 2. c4 e5 3. Nc3 Nf6 4. d3 Bb4 5. Bd2 0-0 6. g3 Nd4 7. Bg2 Nxf3+ 8. Bxf3 c6 9. a3 Bxc3 10. Bxc3 Re8 11. Qc2 d5 12. 0-0 Bh3 13. Rfd1 d4 14. Bd2 h6 15. b4 Bg4 16. Bxg4 Nxg4 17. h3 Nf6 18. f3 Qd7 19. Kg2 Nh7 20. e4 dxe3 21. Bxe3 Ng5 22. Bxg5 hxg5 23. Rab1 Rad8 24. b5 c5 25. a4 Re6 26. Qf2 Rh6 27. g4 Qe7 28. Rb2 Rd4 29. Qe3 Rhd6 30. Rbd2 f6 31. Kg3 Qd8 32. Qe2 Qa5 33. h4 gxh4+ 34. Kxh4 Qd8 35. Kg3 Qe8 36. Kf2 Qg6 37. Qf1 Rf4 38. Qh3 Rfd4 39. Ke2 Qg5 40. Rh1 Rd8 41. Qh7+ Kf7 42. Rh5 Qg6 43. Qxg6+ Kxg6 44. Ke3 Kf7 45. a5 Ke6 46. Rh7 R4d7 47. Rd1 Kf7 1/2-1/2

[Event "Stare Mesto op"]
[Site "Stare Mesto"]
[Date "2007.08.16"]
[Round "8"]
[White "Sanak, Frantisek"]
[Black "Travnicek, Peter Jr"]
[Result "0-1"]
[WhiteElo "2027"]
[BlackElo "2161"]
[PlyCount "100"]
[EventDate "2007.08.10"]
[EventType "swiss"]
[EventRounds "10"]
[EventCountry "CZE"]
[SourceTitle "CBM 119 Extra"]
[Source "ChessBase"]
[SourceDate "2007.09.04"]
[SourceVersion "1"]
[SourceVersionDate "2007.09.04"]
[SourceQuality "1"]

1. Nf3 Nf6 2. c4 d6 3. g3 g6 4. Nc3 Bg7 5. Bg2 0-0 6. 0-0 c5 7. d3 Nc6 8. Bd2 a6 9. Qc1 Re8 10. Re1 Rb8 11. Rb1 b5 12. b3 bxc4 13. bxc4 Bd7 14. Ng5 Qc7 15. Nge4 Nxe4 16. Bxe4 Rxb1 17. Qxb1 Rb8 18. Qc1 Qa5 19. Nd5 Qxa2 20. Bg5 f6 21. Bh6 a5 22. Bxg7 Kxg7 23. Nc7 a4 24. Bxc6 Bxc6 25. Qe3 e5 26. f4 Qb2 27. fxe5 Qxe5 28. Qxe5 fxe5 29. Ra1 Kf6 30. Nb5 Bxb5 31. cxb5 Rxb5 32. Rxa4 d5 33. Kf2 Kf5 34. Kf3 Rb6 35. g4+ Kf6 36. Ra5 Rc6 37. Ra3 c4 38. Rc3 e4+ 39. dxe4 d4 40. Rc1 g5 41. h4 h6 42. hxg5+ hxg5 43. Rh1 Ke5 44. Rc1 c3 45. Kf2 Kxe4 46. Rc2 d3 47. exd3+ Kxd3 48. Rc1 Kd2 49. Rh1 c2 50. Kf3 c1Q 0-1

[Event "CZE-chT2e 0607"]
[Site "Czech Republic"]
[Date "2007.02.11"]
[Round "7.6"]
[White "Sanak, Frantisek"]
[Black "Benes, Miroslav"]
[Result "1-0"]
[WhiteElo "2014"]
[BlackElo "2015"]
[PlyCount "125"]
[EventDate "2006.10.15"]
[EventType "team"]
[EventRounds "11"]
[EventCountry "CZE"]
[SourceTitle "EXT 2009"]
[Source "ChessBase"]
[SourceDate "2008.11.26"]
[SourceVersion "1"]
[SourceVersionDate "2008.11.26"]
[SourceQuality "1"]

1. Nf3 Nf6 2. c4 g6 3. Nc3 Bg7 4. g3 c6 5. Bg2 0-0 6. 0-0 d5 7. cxd5 cxd5 8. d4 Nc6 9. Bd2 Ne4 10. e3 Nxd2 11. Qxd2 Bf5 12. Nh4 Be6 13. Rac1 Qd7 14. b3 h6 15. Na4 b6 16. Nc3 g5 17. Nf3 Rac8 18. Ne1 f5 19. f4 gxf4 20. gxf4 Bf7 21. Bf3 e6 22. Rf2 Kh7 23. Kh1 Rg8 24. Ng2 Bf8 25. Nb1 Bb4 26. Qd1 Rg7 27. Rfc2 Rgg8 28. a3 Bd6 29. b4 Ne7 30. Nc3 a5 31. Rb2 axb4 32. axb4 Rc4 33. Na2 Rxc1 34. Nxc1 Ra8 35. Ne1 Ra1 36. Ned3 Qb5 37. Be2 Qc6 38. Kg2 Ra8 39. b5 Qd7 40. Ne5 Bxe5 41. dxe5 Rg8+ 42. Kf1 d4 43. Bf3 Nd5 44. Qxd4 Qc7 45. Ne2 Rd8 46. Rb1 Be8 47. Rc1 Qa7 48. Rb1 Rd7 49. Kf2 Qa5 50. Qb2 Nc7 51. Nd4 Rd8 52. Ra1 Qxa1 53. Qxa1 Nxb5 54. Nxb5 Bxb5 55. Qa7+ Rd7 56. Qxb6 Bc4 57. Qb4 Ba2 58. e4 fxe4 59. Bxe4+ Kg7 60. Qa4 Rd2+ 61. Ke3 Rxh2 62. Qa7+ Kf8 63. Bg6 1-0

[Event "CZE-chT2e 0607"]
[Site "Czech Republic"]
[Date "2006.12.17"]
[Round "5.5"]
[White "Mohapl, Petr"]
[Black "Sanak, Frantisek"]
[Result "1/2-1/2"]
[WhiteElo "2090"]
[BlackElo "2014"]
[PlyCount "34"]
[EventDate "2006.10.15"]
[EventType "team"]
[EventRounds "11"]
[EventCountry "CZE"]
[SourceTitle "EXT 2009"]
[Source "ChessBase"]
[SourceDate "2008.11.26"]
[SourceVersion "1"]
[SourceVersionDate "2008.11.26"]
[SourceQuality "1"]

1. e4 c5 2. c3 e5 3. Nf3 Nc6 4. d4 exd4 5. cxd4 cxd4 6. Nxd4 Bb4+ 7. Bd2 Qe7 8. Nxc6 dxc6 9. Bd3 Nf6 10. 0-0 0-0 11. Qc2 h6 12. Bxb4 Qxb4 13. Nc3 Ng4 14. Be2 Re8 15. Bxg4 Bxg4 16. f3 Qc5+ 17. Qf2 Qxf2+ 1/2-1/2

[Event "CZE-chT2e 0607"]
[Site "Czech Republic"]
[Date "2006.12.03"]
[Round "4.7"]
[White "Sanak, Frantisek"]
[Black "Perina, Michal"]
[Result "0-1"]
[WhiteElo "2014"]
[BlackElo "2000"]
[PlyCount "92"]
[EventDate "2006.10.15"]
[EventType "team"]
[EventRounds "11"]
[EventCountry "CZE"]
[SourceTitle "EXT 2009"]
[Source "ChessBase"]
[SourceDate "2008.11.26"]
[SourceVersion "1"]
[SourceVersionDate "2008.11.26"]
[SourceQuality "1"]

1. Nf3 Nf6 2. c4 e6 3. g3 d5 4. Bg2 d4 5. d3 c5 6. Bd2 Nc6 7. Na3 a6 8. Rb1 Be7 9. Nc2 0-0 10. 0-0 e5 11. Nfe1 Bf5 12. b4 Qd7 13. bxc5 Bxc5 14. Nb4 Rfe8 15. Nxc6 bxc6 16. Qa4 e4 17. Bb4 Bxb4 18. Rxb4 Qe7 19. Rb1 c5 20. Qa3 Rab8 21. Rb3 exd3 22. Nxd3 Rxb3 23. Qxb3 Qxe2 24. Nf4 Qe7 25. Qa3 g5 26. Nd3 Qe2 27. Nxc5 Qe7 28. Qa5 d3 29. Nb3 Bg4 30. Qd2 Be2 31. Rc1 Ng4 32. h3 Ne5 33. c5 Bf3 34. Qe3 Qf6 35. Nd2 Bxg2 36. Kxg2 Qc6+ 37. Qe4 Qe6 38. Nf3 f5 39. Nxe5 fxe4 40. Ng4 h5 41. Ne3 Rf8 42. g4 Qxa2 43. Nf5 e3 44. Rf1 Qd5+ 45. Kg1 Rxf5 46. gxf5 e2 0-1

[Event "CZE-chT2e 0506"]
[Site "Czech Republic"]
[Date "2006.02.26"]
[Round "8.5"]
[White "Sanak, Frantisek"]
[Black "Roubalik, Jakub"]
[Result "0-1"]
[WhiteElo "2040"]
[BlackElo "2019"]
[PlyCount "92"]
[EventDate "2005.10.16"]
[EventType "team"]
[EventRounds "11"]
[EventCountry "CZE"]
[SourceTitle "EXT 2008"]
[Source "ChessBase"]
[SourceDate "2007.11.25"]
[SourceVersion "1"]
[SourceVersionDate "2007.11.25"]
[SourceQuality "1"]

1. Nf3 d5 2. c4 e6 3. g3 Nf6 4. Bg2 c6 5. Qc2 Be7 6. 0-0 0-0 7. d4 Ne4 8. Nc3 f5 9. Nxe4 dxe4 10. Nd2 Qxd4 11. Nb3 Qb6 12. c5 Qc7 13. Bd2 Nd7 14. Rac1 Nf6 15. f3 exf3 16. Bxf3 e5 17. Qc4+ Kh8 18. e4 fxe4 19. Bxe4 Bh3 20. Bg2 Bxg2 21. Kxg2 Nd5 22. Qe4 Bf6 23. Na5 Qe7 24. b4 Bg5 25. Nc4 Bxd2 26. Nxd2 Qg5 27. Nc4 Rf4 28. Nxe5 Rxe4 29. Nf7+ Kg8 30. Nxg5 Rxb4 31. Rf2 Re8 32. Kh3 h6 33. Nf7 Re7 34. Nd6 Re5 35. Kg2 Ne3+ 36. Kg1 Rxc5 37. Re1 Ng4 38. Rd2 Re5 39. Rf1 Nf6 40. a3 Rb3 41. Rf4 Nd5 42. Ra4 a6 43. Kf2 Re6 44. Nc8 g5 45. Ra5 g4 46. Ra4 Rf3+ 0-1

[Event "Stare Mesto op"]
[Site "Stare Mesto"]
[Date "2005.08.15"]
[Round "5"]
[White "Ponizil, Cyril"]
[Black "Sanak, Frantisek"]
[Result "1-0"]
[WhiteElo "2152"]
[BlackElo "2039"]
[PlyCount "82"]
[EventDate "2005.08.12"]
[EventType "swiss"]
[EventRounds "9"]
[EventCountry "CZE"]
[SourceTitle "EXT 2006"]
[Source "ChessBase"]
[SourceDate "2005.11.24"]
[SourceVersion "1"]
[SourceVersionDate "2005.11.24"]
[SourceQuality "1"]

1. e4 c5 2. Nf3 Nc6 3. d4 cxd4 4. Nxd4 e5 5. Nb5 a6 6. Nd6+ Bxd6 7. Qxd6 Qf6 8. Qc7 Nge7 9. Nc3 0-0 10. Be3 b5 11. 0-0-0 Nd4 12. f4 Ne6 13. Qxe5 Qxe5 14. fxe5 Ng6 15. g3 Nxe5 16. Bf4 Nxf4 17. gxf4 Ng4 18. Rd6 b4 19. Nd1 Nf6 20. e5 Ne8 21. Rd4 a5 22. Rg1 f6 23. Ne3 fxe5 24. fxe5 Nc7 25. Bd3 Kh8 26. Rh4 h6 27. Nf5 Rxf5 28. Bxf5 Ne6 29. Bxe6 dxe6 30. Rhg4 Ra7 31. Rf4 Ba6 32. Rd1 Rc7 33. Rfd4 Bc4 34. Rd8+ Kh7 35. R8d7 Rxd7 36. Rxd7 h5 37. Kd2 Kh6 38. b3 Bd5 39. Ke3 g5 40. Ra7 h4 41. Rxa5 Kh5 1-0

[Event "Stare Mesto op"]
[Site "Stare Mesto"]
[Date "2005.08.14"]
[Round "3"]
[White "Sanak, Frantisek"]
[Black "Vass, Frantisek"]
[Result "0-1"]
[WhiteElo "2039"]
[BlackElo "2287"]
[PlyCount "100"]
[EventDate "2005.08.12"]
[EventType "swiss"]
[EventRounds "9"]
[EventCountry "CZE"]
[SourceTitle "EXT 2006"]
[Source "ChessBase"]
[SourceDate "2005.11.24"]
[SourceVersion "1"]
[SourceVersionDate "2005.11.24"]
[SourceQuality "1"]

1. Nf3 d5 2. d4 Bf5 3. g3 e6 4. Bg2 Nf6 5. c4 c6 6. cxd5 exd5 7. Nc3 Bd6 8. 0-0 0-0 9. Nh4 Bg4 10. Qb3 Qc7 11. f3 Be6 12. Qc2 Qb6 13. Be3 Nbd7 14. b3 Rac8 15. Nf5 Bxf5 16. Qxf5 Rfe8 17. Bf2 Qa5 18. Ne4 Bb4 19. Nxf6+ Nxf6 20. Qd3 c5 21. Rfc1 cxd4 22. Rxc8 Rxc8 23. Bxd4 Bc3 24. Bxc3 Rxc3 25. Qd4 Rc2 26. Qe5 Qb6+ 27. Kf1 h6 28. Bh3 g6 29. a4 Kg7 30. Rb1 d4 31. Qb5 Qd6 32. Qd3 Rc3 33. Qd2 Qb4 34. Rd1 d3 35. exd3 Rxb3 36. Qe1 Nd5 37. Kg1 Qxa4 38. Bf1 Qd4+ 39. Kh1 Ne3 40. Qf2 Rb2 41. Qg1 a5 42. Rc1 a4 43. Re1 Nf5 44. Qxd4+ Nxd4 45. Re4 b5 46. Rxd4 a3 47. Rd7 a2 48. Ra7 b4 49. d4 b3 50. Bd3 Rb1+ 0-1

[Event "CZE-chT2e 0405"]
[Site "Czech Republic"]
[Date "2005.03.20"]
[Round "10.7"]
[White "Dvoulety, Pavel"]
[Black "Sanak, Frantisek"]
[Result "1-0"]
[WhiteElo "1992"]
[BlackElo "2047"]
[PlyCount "57"]
[EventDate "2004.10.17"]
[EventType "team"]
[EventRounds "11"]
[EventCountry "CZE"]
[SourceTitle "EXT 2007"]
[Source "ChessBase"]
[SourceDate "2006.11.23"]
[SourceVersion "1"]
[SourceVersionDate "2006.11.23"]
[SourceQuality "1"]

1. e4 c5 2. c3 e5 3. Nf3 Nc6 4. d4 cxd4 5. cxd4 exd4 6. Nxd4 Bb4+ 7. Bd2 Qe7 8. Nb5 Qxe4+ 9. Qe2 Qxe2+ 10. Bxe2 Kd8 11. Bxb4 Nxb4 12. N1a3 a6 13. Nd6 Nh6 14. 0-0 b5 15. Rfd1 f5 16. Bf3 Rb8 17. Rd4 a5 18. Nxc8 Rxc8 19. Rad1 d5 20. Bxd5 Ke7 21. Bb3 Rc5 22. Rd7+ Kf6 23. R1d6+ Kg5 24. Rxg7+ Kh5 25. Bd1+ Ng4 26. h3 Rc1 27. hxg4+ fxg4 28. Kh2 Rxd1 29. Rxd1 1-0

[Event "CZE-chT2e 0405"]
[Site "Czech Republic"]
[Date "2004.10.17"]
[Round "1.6"]
[White "Sanak, Frantisek"]
[Black "Pavlik, Petr"]
[Result "1/2-1/2"]
[WhiteElo "2047"]
[BlackElo "1903"]
[PlyCount "34"]
[EventDate "2004.10.17"]
[EventType "team"]
[EventRounds "11"]
[EventCountry "CZE"]
[SourceTitle "EXT 2007"]
[Source "ChessBase"]
[SourceDate "2006.11.23"]
[SourceVersion "1"]
[SourceVersionDate "2006.11.23"]
[SourceQuality "1"]

1. Nf3 Nf6 2. c4 g6 3. g3 Bg7 4. Bg2 0-0 5. Nc3 d5 6. cxd5 Nxd5 7. 0-0 Nxc3 8. bxc3 c5 9. Qb3 Nc6 10. d3 Qc7 11. Be3 b6 12. Rac1 Bb7 13. Qb2 Rac8 14. Qd2 Rfd8 15. Bh6 Ne5 16. Bf4 Nxf3+ 17. Bxf3 Qd7 1/2-1/2